000 00806 a2200193 4500
020 _a0387240675
020 _a0387240683
040 _aDLC
_bDLC
082 0 0 _a621.382/16
245 0 0 _aNext generation transport networks: data, management, and control planes
_bdata, management, and control planes
_cManohar Naidu Ellanti ... [et al.].
260 _aNew York :
_bSpringer,
_cc2005.
300 _axi, 710 p. :
_bill. ;
_c25 cm.
650 0 _aTelecommunication
_xSwitching systems.
650 0 _aTelecommunication systems.
700 1 _aEllanti, Manohar Naidu,
_d1966-
856 4 2 _3Publisher description
_uhttp://www.loc.gov/catdir/enhancements/fy0663/2005040445-d.html
856 4 2 _3Table of contents only
_uhttp://www.loc.gov/catdir/enhancements/fy0819/2005040445-t.html
942 _cBK
_k621.38216 ELL
_2ddc
999 _c8265
_d8265